000 00598nam a2200157 i 4500
001 29015
003 ES-MaACL
005 20230906153951.0
007 t|
008 030120s1978 sp ||||1| spa d
110 2 _aBanco Urquijo.
_bServicio de Estudios.
_92139
245 1 0 _aPrevención de la deficiencia mental en España
_b: una referencia a las principales líneas de actuación en el caso de Catalunya /
_cBanco Urquijo, Sevicio de Estudios en Barcelona.
260 _a[Madrid] :
_bMoneda y Crédito,
_c1978.
300 _aXIX, 234 p. :
_bil. ;
_c23 cm.
852 _aES-MaACL
_jA-9036
_bR.98029
999 _c29015
_d29015